शिखाव्रती / (Record no. 41172)

MARC details
000 -LEADER
fixed length control field 01101nam a22002537a 4500
005 - DATE AND TIME OF LATEST TRANSACTION
control field 20100811161421.0
010 ## - LCCN (DPL NO)
LC control number HIN-90310
020 ## - INTERNATIONAL STANDARD BOOK NUMBER
Terms of availability 100.00
International Standard Book Number 9788188213594
035 ## - SYSTEM CONTROL NUMBER
System control number HN-62656
037 ## - SOURCE OF ACQUISITION
Source of stock number/acquisition DBAD / PUB
082 ## - DEWEY DECIMAL CLASSIFICATION NUMBER
Classification number 920
100 ## - MAIN ENTRY--PERSONAL NAME
Personal name शुक्ल, सूर्यनारायण
245 ## - TITLE STATEMENT
Title शिखाव्रती /
Statement of responsibility, etc सूर्यनारायण शुक्ल
246 ## - VARYING FORM OF TITLE
Title proper/short title Shikhavrati
Remainder of title by Suryanarayan Shukla
260 ## - PUBLICATION, DISTRIBUTION, ETC. (IMPRINT)
Place of publication, distribution, etc इलाहाबाद
Name of publisher, distributor, etc लहर प्रकाशन
Date of publication, distribution, etc 2010
270 ## - ADDRESS
Address 778, मूट्ठीगंज
City इलाहाबाद
Postal code 211003
300 ## - PHYSICAL DESCRIPTION
Extent 64पृ
Dimensions 22सेमी (सजिल्द)
500 ## - GENERAL NOTE
General note भारतीय इतिहास के प्रचण्ड कालखण्ड की संकल्प-कथा
700 ## - ADDED ENTRY--PERSONAL NAME
9 (RLIN) 7228
700 ## - ADDED ENTRY--PERSONAL NAME
9 (RLIN) 7267
700 ## - ADDED ENTRY--PERSONAL NAME
9 (RLIN) 7698
942 ## - ADDED ENTRY ELEMENTS (KOHA)
Institution code [OBSOLETE] dpl
Item type Hindi Books
Call number prefix
Source of classification or shelving scheme Dewey Decimal Classification
Call number suffix शुक्लसू
Classification part 920
Holdings
Withdrawn status Lost status Not for loan Collection code Home library Current library Date acquired Source of acquisition Cost, normal purchase price Full call number Barcode Copy number Cost, replacement price Koha item type
    Not For Loan Non-fiction D.B.Act.Division D.B.Act.Division 11/08/2010 DBAD / PUB 100.00 920 शुक्लसू HN-62656 1 100.00 Hindi Books

© Delhi Public Library
Hit Counter
free hit counter